[Event "Sestola op"]
[Site "Sestola"]
[Date "1992.??.??"]
[Round "?"]
[White "Vezzosi, Paolo"]
[Black "Ljubisavljevic, Zivojin Z"]
[Result "1-0"]
[WhiteElo "2305"]
[BlackElo "2260"]

1.e4 c5 2.Nf3 Nc6 3.Bb5 Qb6 4.Nc3 e6 5.Bxc6 bxc6 6.O-O d5 7.Re1 Nf6 8.d3 Be7
9.b3 c4 10.e5 Nd7 11.dxc4 dxc4 12.Ne4 O-O 13.Nd6 Bxd6 14.Qxd6 cxb3 15.axb3 c5
16.Qxb6 Nxb6 17.Be3 Nd7 18.Red1 a6 19.Rd6 f6 20.Rad1 Nxe5 21.Nxe5 fxe5 22.Bxc5 Re8
23.Re1 a5 24.Ra1 Bb7 25.Bb6 Rec8 26.Rxe6 Rxc2 27.Rxe5 Rb2 28.Re7 Bd5 29.Bd4 Rxb3
30.Rxg7+ Kf8 31.Rxh7 a4 32.h4 a3 33.h5 a2 34.Rh8+ Bg8 35.h6 Rb7 36.Bg7+ Rxg7
37.hxg7+ Kxg7 38.Rh1 Bd5 39.f3 Kf6 40.Kf2 Rb8 41.Rhe1 Ra8 42.Re3 Bf7 43.g4 Bg6
44.Kg3 Bf7 45.Rd3 Rb8 46.Rd2 Ra8 47.Rd4 Ra3 48.Kf4 Ra5 49.Rd6+ Ke7 50.Rd4 Kf6
51.Rb4 Be6 52.Re4 Bf7 53.Kg3 Ra3 54.Kf2 Bd5 55.Re3 Ra6 56.f4 Be6 57.Kg3 Ra4
58.Rc3 Bd5 59.Rd3 Bf7 60.Rd6+ Kg7 61.f5 Ra7 62.g5 Ra5 63.Kf4 Ra4+ 64.Ke5 Ra5+
65.Ke4 Ra4+ 66.Rd4 Ra7 67.g6 Bb3 68.Kf4 Ra5 69.Rd7+ Kf6 70.Rd6+ Ke7 71.Rc6 Bd5
72.f6+ Kd7 73.f7 Ra8 74.Ra6 Rb8 75.Rd1  1-0

[Event "Sevilla Expo92"]
[Site "Sevilla"]
[Date "1992.??.??"]
[Round "7"]
[White "Antunes, Antonio"]
[Black "Franco Ocampo, Zenon"]
[Result "0-1"]
[WhiteElo "2465"]
[BlackElo "2520"]

1.e4 c5 2.Nf3 Nc6 3.Bb5 e6 4.Bxc6 bxc6 5.O-O Ne7 6.b3 Ng6 7.Ba3 Be7 8.d4 cxd4
9.Qxd4 O-O 10.Bxe7 Qxe7 11.c4 e5 12.Qe3 d6 13.Nc3 f5 14.exf5 Bxf5 15.Rfe1 Rae8
16.h3 Nf4 17.c5 Bxh3 18.cxd6 Qxd6 19.Nxe5 Bxg2  0-1

[Event "Candidats (Women) Tournament"]
[Site "Shanghai"]
[Date "1992.??.??"]
[Round "4"]
[White "Ioseliani, Nana"]
[Black "Polgar, Zsuzsa"]
[Result "0-1"]
[WhiteElo "2445"]
[BlackElo "2540"]

1.e4 c5 2.Nf3 Nc6 3.Bb5 e6 4.O-O Nge7 5.c3 a6 6.Ba4 b5 7.Bc2 Bb7 8.a4 Ng6
9.Re1 Rc8 10.axb5 axb5 11.d4 cxd4 12.cxd4 Nb4 13.Bb3 Rxc1 14.Qxc1 Nd3 15.Qe3 Nxe1
16.Qxe1 Be7 17.Nc3 O-O 18.Nxb5 Qb6 19.Bc4 f5 20.e5 Bxf3 21.gxf3 Nh4 22.Qc3 Qb7
23.Be2 Rc8 24.Ra7 Rxc3 25.Rxb7 Rc1+ 26.Bf1 Nxf3+ 27.Kg2 Nh4+ 28.Kg1 Nf3+
29.Kg2 Bh4 30.Rxd7 Rc2 31.Kxf3 Rxf2+ 32.Ke3 Rxf1 33.Rc7 f4+ 34.Kd3 f3 35.Nd6 h5
36.Ne4 f2 37.Nxf2 Rxf2 38.b4 Rxh2 39.b5 Rb2 40.Rc5 Be7 41.Rc7 Kf7  0-1

[Event "SLO-chT"]
[Site "SLO"]
[Date "1992.??.??"]
[Round "?"]
[White "Vrcon, D."]
[Black "Drinovec, Ales"]
[Result "1/2-1/2"]
[WhiteElo "2000"]
[BlackElo "2150"]

1.e4 c5 2.Nf3 Nc6 3.Bb5 g6 4.Bxc6 bxc6 5.O-O Bg7 6.Nc3 e5 7.d3 Ne7 8.Bg5 d6
9.Qd2 O-O 10.Ne2 f6 11.Be3 f5 12.Bh6 f4 13.Bxg7 Kxg7 14.c3 Bg4 15.d4 cxd4
16.cxd4 Bxf3 17.gxf3 d5 18.dxe5 dxe4 19.Qxd8 Raxd8 20.Rfd1 exf3 21.Nd4 Kf7
22.Nxf3 h6 23.Rd6 Rxd6 24.exd6 Nd5 25.Re1 Rd8 26.Ne5+ Kf6 27.d7 Nb6 28.b4 Nxd7
29.Nxc6 Rc8 30.b5 a6 31.a4 axb5 32.axb5 Rc7 33.Kg2 Rb7 34.Rb1 g5 35.Kf3 Kf5
36.Nd4+ Ke5 37.Nc6+ Kf5 38.Nd4+ Ke5 39.Rd1 Nf6 40.Nc6+ Kf5 41.Rb1 g4+ 42.Kg2 f3+
43.Kf1 Nd5 44.Re1 Kf4 45.Nd4 Nc3 46.Ne6+ Kf5 47.Nd4+ Kf4 48.Ne6+ Kf5 49.Nd4+  1/2-1/2

[Event "Slupsk op"]
[Site "Slupsk"]
[Date "1992.??.??"]
[Round "?"]
[White "Kuczynski, Robert"]
[Black "Sorokin, Maxim"]
[Result "1/2-1/2"]
[WhiteElo "2525"]
[BlackElo "2550"]

1.e4 c5 2.Nf3 Nc6 3.Bb5 e6 4.O-O Nge7 5.Nc3 a6 6.Bxc6 Nxc6 7.d4 cxd4 8.Nxd4 d6
9.Re1 Be7 10.Nxc6 bxc6 11.Qg4 g6 12.b3 O-O 13.Bh6 Re8 14.Rad1 e5 15.Qg3 Be6
16.Na4 f6 17.Be3 Qd7 18.c4 Bf8 19.f4 Qg7 20.fxe5 fxe5 21.Bg5 h6 22.Bc1 Bf7
23.Ba3 c5 24.Nc3 Be7 25.Bc1 Be6 26.Nd5 Bd8 27.Rf1 Ra7 28.Ne3 Rd7 29.h4 h5
30.Nd5 Rf8 31.Bg5 Rxf1+ 32.Rxf1 Bxd5 33.cxd5 Bxg5 34.Qxg5 Rf7  1/2-1/2

[Event "Alekhine op"]
[Site "Smolensk"]
[Date "1992.??.??"]
[Round "4"]
[White "Bezgodov, Alexei"]
[Black "Kovalevskaya, Ekaterina"]
[Result "1/2-1/2"]
[WhiteElo "2345"]
[BlackElo "2260"]

1.e4 c5 2.Nf3 Nc6 3.Bb5 d6 4.c3 Nf6 5.Qe2 Bg4 6.d3 g6 7.Nbd2 Bg7 8.h3 Bd7
9.O-O O-O 10.Re1 e5 11.Nf1 a6 12.Ba4 h6 13.Ng3 Re8 14.Be3 Qe7 15.Bb3 Na5
16.Bc2 Rac8 17.Qd2 Kh7 18.b4 cxb4 19.cxb4 Nc6 20.a4 b5 21.axb5 axb5 22.Rec1 Be6
23.Bd1 Qb7 24.Ne1 d5 25.Bc5 dxe4 26.Nxe4 Nxe4 27.dxe4 Red8 28.Qe3 Ra8 29.h4 Bf6
30.g3  1/2-1/2

[Event "Alekhine op"]
[Site "Smolensk"]
[Date "1992.??.??"]
[Round "5"]
[White "Kovalevskaya, Ekaterina"]
[Black "Furman, Boris"]
[Result "1/2-1/2"]
[WhiteElo "2260"]
[BlackElo "2230"]

1.e4 c5 2.Nf3 Nc6 3.Bb5 e6 4.c4 Nd4 5.Nxd4 cxd4 6.O-O Ne7 7.d3 g6 8.Nd2 Bg7
9.c5 O-O 10.Nc4 f5 11.Bg5 h6 12.Bxe7 Qxe7 13.b4 b6 14.cxb6 Qxb4 15.Rb1 Qe7
16.Qa4 fxe4 17.dxe4 Bb7 18.Qc2 Rfc8 19.Qe2 Rc5 20.Na5 axb6 21.Nxb7 Rc7 22.Qg4 Rxb7
23.Qxg6 Qg5 24.Qxg5 hxg5 25.a4 Rc7 26.Rfc1 Rac8 27.Rxc7 Rxc7 28.g3 Kf7 29.Kg2 Kf6
30.Bf1 Ra7 31.Rxb6 Rxa4 32.Rd6 Ke7 33.Rxd7+ Kxd7 34.Bb5+ Kd6 35.Bxa4 Kc5
36.Kf1 d3 37.Ke1 Bc3+ 38.Kd1 Kd4 39.f3 e5 40.Bc6 Ke3 41.h4 gxh4 42.gxh4  1/2-1/2

[Event "Alekhine op"]
[Site "Smolensk"]
[Date "1992.??.??"]
[Round "6"]
[White "Kalegin, Evgenij"]
[Black "Belikov, Vladimir"]
[Result "1/2-1/2"]
[WhiteElo "2370"]
[BlackElo "2460"]

1.e4 c5 2.Nf3 Nc6 3.Bb5 Nf6 4.Nc3 g6 5.e5 Ng4 6.Bxc6 dxc6 7.h3 Nh6 8.d3 Nf5
9.Ne4 Bg7 10.c3 O-O 11.Bf4  1/2-1/2

[Event "Stare Mesto"]
[Site "Stare Mesto"]
[Date "1992.??.??"]
[Round "1"]
[White "Chernyshov, Konstantin"]
[Black "Babula, Vlastimil"]
[Result "1/2-1/2"]
[WhiteElo "2485"]
[BlackElo "2380"]

1.e4 c5 2.Nf3 Nc6 3.Bb5 d6 4.O-O Bd7 5.c3 Nf6 6.Re1 a6 7.Bf1 Bg4 8.d3 g6
9.Nbd2 Bg7 10.h3 Bxf3 11.Nxf3 O-O 12.Be3 b5 13.Qd2 b4 14.cxb4 Nxb4 15.a3 Nc6
16.b4 cxb4 17.axb4 d5 18.e5 d4 19.Bh6 Nd5 20.Re4 f5 21.exf6 Nxf6 22.Qa2+ Kh8
23.Bxg7+ Kxg7 24.Ng5 Kh8 25.Ne6 Qd6 26.Nxf8 Nxe4 27.dxe4 Rxf8 28.Qxa6 Qf6
29.f3 Nxb4 30.Qc4 Rb8 31.Qc7 Qd6 32.Qxd6 exd6 33.Rc1 d5 34.Rd1 dxe4 35.Rxd4 exf3
36.gxf3 Nc6 37.Rd5 Ne7  1/2-1/2

[Event "Stare Mesto"]
[Site "Stare Mesto"]
[Date "1992.??.??"]
[Round "7"]
[White "Glek, Igor V"]
[Black "Babula, Vlastimil"]
[Result "1-0"]
[WhiteElo "2520"]
[BlackElo "2380"]

1.e4 c5 2.Nf3 Nc6 3.Bb5 d6 4.O-O Bd7 5.Re1 Nf6 6.c3 a6 7.Bf1 Bg4 8.d3 g6
9.Nbd2 Bg7 10.h3 Bxf3 11.Nxf3 O-O 12.Bg5 Rc8 13.Qd2 b5 14.a3 Qb6 15.b4 Nd7
16.Rad1 Qb7 17.d4 cxd4 18.cxd4 Nb6 19.Bh6 d5 20.exd5 Nxd5 21.Re4 f6 22.Bxg7 Kxg7
23.Bd3 Nd8 24.Rde1 Nf7 25.Bb1 Rc7 26.Rg4 Rg8 27.Nh4 Kf8 28.Rg3 Qc6 29.Be4 Qd6
30.Bxd5 Qxd5 31.Rc3 Rd7 32.Nf3 Kg7 33.Rc5 Qa8 34.Qc2 Qb7 35.d5 Re8 36.Qb3 Rc8
37.Nd4 Rxc5 38.Ne6+ Kg8 39.Nxc5 Qxd5 40.Qxd5 Rxd5 41.Rxe7 a5 42.Re8+ Kg7
43.Ne6+ Kh6 44.bxa5 Rd3 45.Re7 Ng5 46.Nf8 Rd8 47.Nd7 f5 48.a6 Ra8 49.Nc5 Ne4
50.Nxe4 fxe4 51.a7  1-0

[Event "Stockerau opJ"]
[Site "Stockerau"]
[Date "1992.??.??"]
[Round "?"]
[White "Csoke, Krisztian"]
[Black "Polak, Tomas"]
[Result "1/2-1/2"]
[WhiteElo "2340"]
[BlackElo "2410"]

1.e4 c5 2.Nf3 Nc6 3.Bb5 g6 4.Bxc6 dxc6 5.O-O Bg7 6.h3 Nh6 7.d3 f6 8.Nc3 e5
9.Be3 b6 10.Qd2 Nf7 11.Nh2 O-O 12.Ng4 Be6 13.Nh6+ Nxh6 14.Bxh6 c4 15.Bxg7 Kxg7
16.Rfd1 cxd3 17.Qxd3 Qxd3 18.Rxd3 Rfd8 19.Rad1 Rxd3 20.Rxd3 Kf7 21.b3 b5
22.Kf1 a5 23.a4 b4 24.Nb1 Ke7 25.Ke2 h5 26.Nd2  1/2-1/2

[Event "Stockholm op"]
[Site "Stockholm"]
[Date "1992.??.??"]
[Round "?"]
[White "Angqvist, Thore"]
[Black "Zezulkin, Jurij"]
[Result "0-1"]
[WhiteElo "2215"]
[BlackElo "2440"]

1.e4 c5 2.Nf3 Nc6 3.Bb5 d6 4.Bxc6+ bxc6 5.d3 g6 6.O-O Bg7 7.Re1 Nf6 8.e5 dxe5
9.Nxe5 Be6 10.Nc3 O-O 11.Nxc6 Qc7 12.Qf3 Rac8 13.Ne5 Nd7 14.Nxd7 Qxd7 15.Bf4 c4
16.Be5 f6 17.Bf4 cxd3 18.Qxd3 Qxd3 19.cxd3 Kf7 20.d4 Rfd8 21.Rad1 Rc4 22.d5 Bg4
23.f3 Bxf3 24.gxf3 Rxf4 25.Rd3 f5 26.Re2 Rd4 27.Rde3 Rd7 28.Kf1 Bh6 29.Re6 Rd3
30.Kg2 Bd2 31.Nb5 R3xd5 32.a4 f4 33.Ra6 Be3 34.Kh3 Rd1 35.Na3 R7d5  0-1

[Event "Rilton Cup"]
[Site "Stockholm"]
[Date "1992.??.??"]
[Round "6"]
[White "Hartman, Christer"]
[Black "Schneider, Lars Ake"]
[Result "0-1"]
[WhiteElo "2345"]
[BlackElo "2455"]

1.e4 c5 2.Nf3 Nc6 3.Bb5 e6 4.O-O Nge7 5.c3 a6 6.Ba4 b5 7.Bc2 d5 8.d4 cxd4
9.Nxd4 Nxd4 10.Qxd4 Bb7 11.exd5 Qxd5 12.Qxd5 Nxd5 13.a4 Be7 14.Bd3 b4 15.c4 Nf6
16.Nd2 O-O 17.Nb3 Rfd8 18.Be2 Rac8 19.Be3 Be4 20.Rfc1 Bd3 21.Bxd3 Rxd3 22.Na5 Ng4
23.Bb6 Ne5 24.c5 g6 25.c6 Rd5 26.c7 Bg5 27.Nc6 Bxc1 28.Ne7+ Kf8 29.Nxd5 Bxb2
30.Rd1 Nc4 31.Bc5+ Kg7 32.Nb6 Nxb6 33.Bxb6 Bf6 34.Kf1 b3 35.Ke2 b2 36.Rb1 Be5
37.Kd3 Kf6 38.Bd4 Rxc7 39.Bxe5+ Kxe5 40.Rxb2 Rd7+ 41.Kc3 Rc7+ 42.Kd3 Rc5
43.Rb7 Kf6 44.Rb4 h5 45.h4 Rf5 46.Ke3 Rd5 47.Rb6 Ra5 48.Rb4 Ke5 49.f3 Rc5
50.Kd3 Rc1 51.Rb6 Rg1 52.Rxa6 Rxg2 53.Ra7 f5 54.Ke3 Rh2 55.a5 Rxh4 56.a6 Ra4
57.Ra8 Ra3+ 58.Ke2 Kf4  0-1

[Event "Rilton Cup"]
[Site "Stockholm"]
[Date "1992.??.??"]
[Round "8"]
[White "Kaiszauri, Konstanty"]
[Black "Hellers, Ferdinand"]
[Result "0-1"]
[WhiteElo "2340"]
[BlackElo "2500"]

1.e4 c5 2.Nf3 Nc6 3.Bb5 g6 4.O-O Bg7 5.Re1 e5 6.Bxc6 dxc6 7.b4 cxb4 8.a3 bxa3
9.Nxa3 Ne7 10.Nc4 Bg4 11.Bb2 f6 12.d4 exd4 13.Qxd4 Qxd4 14.Bxd4 Nc8 15.Bc5 Bf8
16.Bd4 Be7 17.e5 O-O 18.exf6 Bxf6 19.Bxf6 Rxf6 20.Nfe5 Bf5 21.Na5 Nd6 22.Reb1 Bxc2
23.Rb2 Bf5 24.Nxb7 Rb8 25.g4 Rxb7 26.Rxb7 Nxb7 27.gxf5 Rxf5 28.Nxc6 Rg5+
29.Kf1 a5 30.Rb1 Nd6 31.Rb8+ Kg7 32.Ra8 Nc4 33.Ke2 Rd5 34.Ra7+ Kh6 35.f4 Rd2+
36.Kf3 Ra2 37.Ne7 Ra3+ 38.Ke4 Nd2+  0-1

[Event "Rilton Cup"]
[Site "Stockholm"]
[Date "1992.??.??"]
[Round "9"]
[White "Wieweg, Johnny"]
[Black "Winsnes, Rikard"]
[Result "0-1"]
[WhiteElo "2355"]
[BlackElo "2360"]

1.e4 c5 2.Nf3 Nc6 3.Bb5 d6 4.O-O Bd7 5.Re1 Nf6 6.c3 a6 7.Bf1 Bg4 8.d3 Bxf3
9.Qxf3 g6 10.a4 Bg7 11.Na3 O-O 12.Bd2 Rb8 13.g3 Nd7 14.Qe2 b5 15.axb5 axb5
16.f4 Na5 17.Rad1 b4 18.Nb1 bxc3 19.bxc3 Rb2 20.Qf3 Qb6 21.Bg2 Rb8 22.Qf1 Qb3
23.g4 Qa2 24.Be3 Nb3 25.h4 Na1 26.Nd2 Nc2 27.Ra1 Nxa1 28.Rxa1 Qe6 29.f5 Qf6
30.d4 Qxh4 31.Qf4 cxd4 32.cxd4 Rxd2  0-1

[Event "FRA-ch"]
[Site "Strasbourg"]
[Date "1992.??.??"]
[Round "2"]
[White "Bricard, Emmanuel"]
[Black "Degraeve, Jean Marc"]
[Result "1/2-1/2"]
[WhiteElo "2485"]
[BlackElo "2480"]

1.e4 c5 2.Nf3 Nc6 3.Bb5 g6 4.Bxc6 dxc6 5.d3 Bg7 6.h3 e5 7.Be3 Qe7 8.Nbd2 Nf6
9.a3 O-O 10.O-O Ne8 11.Nc4 Nc7 12.Qd2 Nb5 13.c3 Rd8 14.b4 cxb4 15.axb4 Bd7
16.Rfe1 f6 17.Na5 b6 18.Nb3 Be6 19.Qc2 Rac8 20.c4 Qxb4 21.Bd2 Qd6 22.cxb5 cxb5
23.Qb1 Qxd3 24.Qxd3 Rxd3 25.Nc1 Rd7 26.Na2 a5 27.Reb1 b4 28.Nxb4 axb4 29.Rxb4 Rb7
30.Ra6 Bc4 31.Raxb6 Rxb6 32.Rxb6 Bd3 33.Rb4 Bf8 34.Rb6 Be7 35.Rb7 Bf8 36.Rb6 Be7
37.Rb7 Bc5 38.Bh6 Bxe4 39.Rg7+ Kh8 40.Rf7 Bxf3 41.gxf3 f5 42.Rd7 Re8 43.Bg5 Kg8
44.Rd8 Rxd8 45.Bxd8 Kf7 46.Kg2 Ke6 47.Bc7 Kd5 48.Kf1 Be7 49.Bb6 Bg5 50.Bc7 Bf4
51.Bb6 Ke6 52.Ba5 Kf6 53.Bd8+ Kg7 54.Kg2 Kh6 55.Bf6 Kh5 56.Kf1 g5 57.Kg2 Kh4
58.Bd8 Kh5 59.Bf6 Kg6 60.Bd8 Bd2 61.Be7 Kf7 62.Bd8 Ke6 63.Kf1 Kd5 64.Bf6 Bf4
65.Bd8 h5 66.Bf6 Kd4 67.Ke2 Kd5 68.Kf1 Bc1 69.Kg2 Bd2 70.Bd8 Kd4 71.Bf6 Bf4
72.Bd8 Kd3 73.Kf1 e4 74.fxe4 Kxe4 75.Kg2 g4 76.hxg4 fxg4 77.Bh4 Be5 78.Bd8 Bd6
79.Bh4 Bc7 80.Be7 Kf4 81.Bh4 Ba5 82.Bg3+ Ke4 83.Bh4  1/2-1/2

[Event "FRA-ch"]
[Site "Strasbourg"]
[Date "1992.??.??"]
[Round "7"]
[White "Boudre, Jean Pierre"]
[Black "Apicella, Manuel"]
[Result "0-1"]
[WhiteElo "2415"]
[BlackElo "2395"]

1.e4 c5 2.Nf3 Nc6 3.Bb5 g6 4.O-O Bg7 5.c3 Qb6 6.Na3 a6 7.Bxc6 Qxc6 8.d4 cxd4
9.cxd4 d5 10.e5 Bg4 11.Be3 e6 12.Rc1 Qd7 13.Nc2 Qa4 14.h3 Bxf3 15.Qxf3 Qxa2
16.Na3 Qxb2 17.Rc7 Ne7 18.Rxe7+ Kxe7 19.Rb1 Qxb1+ 20.Nxb1 Rhc8 21.Nd2 Kf8
22.Bg5 Kg8 23.Qf4 a5 24.Nf3 a4 25.Bh6 a3 26.Ng5 Rc7 27.Qh4 a2  0-1

[Event "FRA-ch"]
[Site "Strasbourg"]
[Date "1992.??.??"]
[Round "7"]
[White "Giffard, Nicolas"]
[Black "Roos, Louis"]
[Result "0-1"]
[WhiteElo "2355"]
[BlackElo "2390"]

1.Nf3 c5 2.e4 Nc6 3.Bb5 g6 4.O-O Bg7 5.Re1 a6 6.Bxc6 bxc6 7.Nc3 e5 8.d3 d6
9.a3 a5 10.a4 h6 11.Nd2 Be6 12.Nc4 Nf6 13.Qe2 O-O 14.Bd2 Nh5 15.g3 Ra7 16.Nd1 Kh7
17.Bc3 f5 18.exf5 Bxf5 19.Qd2 d5 20.Bxa5 Qe7 21.Nce3 Ra6 22.Nxf5 gxf5 23.Qe2 Nxg3
24.hxg3 Rxa5 25.Ne3 f4 26.Ng4 Qg5 27.Nxe5 fxg3 28.f4 Qxf4 29.Rf1 Qd4+ 30.Kg2 Rxf1
31.Rxf1 Qxe5 32.Qg4 Rxa4  0-1

[Event "FRA-ch"]
[Site "Strasbourg"]
[Date "1992.??.??"]
[Round "10"]
[White "Hauchard, Arnaud"]
[Black "Santo Roman, Marc"]
[Result "1/2-1/2"]
[WhiteElo "2430"]
[BlackElo "2455"]

1.e4 c5 2.Nf3 Nc6 3.Bb5 g6 4.Bxc6 dxc6 5.d3 Bg7 6.h3 Nf6 7.Nc3 O-O 8.Be3 Qb6
9.Qd2 e5 10.Bh6 Re8  1/2-1/2

[Event "Subotica Palic"]
[Site "Subotica"]
[Date "1992.??.??"]
[Round "?"]
[White "Miljanic, Boro"]
[Black "Drasko, Milan"]
[Result "1/2-1/2"]
[WhiteElo "2430"]
[BlackElo "2525"]

1.e4 c5 2.Nf3 Nc6 3.Bb5 e6 4.O-O Nge7 5.b3 a6 6.Bxc6 Nxc6 7.Bb2 b5 8.a4 b4
9.d3 d6 10.Ne1 e5 11.f4 exf4 12.Qf3 Qg5 13.Qxf4 Qxf4 14.Rxf4 Rg8 15.Rf1 Be6
16.Nf3 Be7 17.Nbd2 O-O-O 18.Rae1 Kc7 19.Nc4 d5 20.exd5 Rxd5 21.Nfe5 Nxe5
22.Bxe5+ Kc6 23.Rf2 Rd7 24.Nd2 Bd5 25.Rfe2 Bh4 26.g3 Bd8 27.Bb2 h5 28.Re8 Rxe8
29.Rxe8 g6 30.Kf2 h4 31.Nf3 hxg3+ 32.hxg3 Bxf3 33.Kxf3 Rd5 34.g4 Kd7 35.Rg8 Rd6
36.Rf8 Ke7 37.Rh8 Re6 38.Bc1 Kd7 39.Be3 Be7 40.Ra8 Rf6+ 41.Ke2 Re6 42.Kf3 Rf6+
43.Ke2 Re6 44.Kf3 Rf6+  1/2-1/2

[Event "Sydney op"]
[Site "Sydney"]
[Date "1992.??.??"]
[Round "4"]
[White "Veroci, Zsuzsa"]
[Black "Jamieson, Robert Murray"]
[Result "1/2-1/2"]
[WhiteElo "2325"]
[BlackElo "2455"]

1.e4 c5 2.Nf3 Nc6 3.Bb5 d6 4.O-O Bd7 5.c3 Nf6 6.Re1 a6 7.Ba4 e5 8.d4 b5 9.Bc2 Be7
10.dxe5 dxe5 11.Nbd2 O-O 12.Nf1 Bg4 13.Qe2  1/2-1/2

[Event "Tampere"]
[Site "Tampere"]
[Date "1992.??.??"]
[Round "4"]
[White "Pyhala, Antti"]
[Black "Degerman, Lars"]
[Result "1/2-1/2"]
[WhiteElo "2365"]
[BlackElo "2420"]

1.e4 c5 2.Nf3 Nc6 3.Bb5 g6 4.O-O Bg7 5.Re1 Nf6 6.e5 Nd5 7.Nc3 Nxc3 8.dxc3 O-O
9.Bf4 Qb6 10.a4 a6 11.Bxc6 dxc6 12.b3 Qa5 13.c4 Bf5 14.Bd2 Qc7 15.Bc3 b5  1/2-1/2

[Event "Tampere"]
[Site "Tampere"]
[Date "1992.??.??"]
[Round "6"]
[White "Maki, Veijo"]
[Black "Manninen, Marko"]
[Result "1/2-1/2"]
[WhiteElo "2415"]
[BlackElo "2450"]

1.e4 c5 2.Nf3 Nc6 3.Bb5 d6 4.O-O Bd7 5.Re1 Nf6 6.h3 a6 7.Bf1 e6 8.c3 Be7
9.d4 cxd4 10.cxd4 d5 11.e5 Ne4 12.Nc3 Nxc3 13.bxc3 Rc8 14.Nh2 Na7 15.Qg4 g6
16.Bh6 Rxc3 17.Qf4 Qc7 18.Ng4 f5 19.exf6 Qxf4 20.Bxf4 h5 21.Ne3 Bd8 22.Nxd5 Rc8
23.Be5 Kf7 24.Ne3 b5 25.a4 Nc6 26.axb5 axb5 27.Reb1 Bxf6 28.Bxf6 Kxf6 29.Bxb5 Rhd8
30.d5 Ne7 31.Bxd7 Rxd7 32.dxe6 Kxe6 33.h4 Rd6 34.Rb5 Rdc6 35.Ra4 Rc5 36.Re4+ Kf7
37.Rbb4 R8c6 38.g3 Kf6 39.Kg2 Nd5 40.Nxd5+ Rxd5 41.Rb8 Rd7 42.Rg8 Kf7 43.Ree8 Kf6
44.Ref8+ Rf7 45.Re8 Rd7 46.Kh3 Rc2 47.Kg2 Rc6 48.Kf3 Rc3+ 49.Re3 Rc4 50.Ra3 Rc6  1/2-1/2

[Event "Tampere"]
[Site "Tampere"]
[Date "1992.??.??"]
[Round "8"]
[White "Pyhala, Antti"]
[Black "Manninen, Marko"]
[Result "1/2-1/2"]
[WhiteElo "2365"]
[BlackElo "2450"]

1.e4 c5 2.Nf3 Nc6 3.Bb5 d6 4.b4 cxb4 5.a3 Bd7 6.O-O Nf6 7.Re1 Qb6 8.c4 Nd4
9.Bxd7+ Nxd7 10.axb4 Nxf3+ 11.Qxf3 Qxb4 12.Ba3 Qxc4 13.Rc1 Qe6 14.Nc3 Ne5
15.Qd1 Qd7 16.d4 Nc6 17.d5 Nb8 18.Qb3 Na6 19.Rab1 g6 20.Qxb7 Qxb7 21.Rxb7 Bh6
22.Rcb1 Bg5 23.e5 O-O 24.exd6 exd6 25.Bxd6 Rfe8 26.Nb5 Re2 27.g3 Bf6 28.Rb3 Rc8
29.Rf3 Kg7 30.Rxa7 Rb2 31.Nc7 Nxc7 32.Bxc7 Bd4 33.Ra4 Bxf2+ 34.Rxf2 Rb1+
35.Kg2 Rxc7 36.d6 Rd7 37.Rd4 Rb6 38.Rfd2 f5 39.h4 Kf6 40.Kf3 Ke5 41.Rd5+ Ke6
42.Kf4 h6 43.R5d4 Rc6  1/2-1/2

[Event "Tashkent"]
[Site "Tashkent"]
[Date "1992.??.??"]
[Round "?"]
[White "Nadyrhanov, S."]
[Black "Blodstein, Arkady"]
[Result "1/2-1/2"]
[WhiteElo "2445"]
[BlackElo "2375"]

1.e4 c5 2.Nf3 Nc6 3.Bb5 g6 4.O-O Bg7 5.c3 Nf6 6.Re1 O-O 7.h3 e5 8.d4 cxd4
9.cxd4 exd4 10.e5 Nd5 11.Na3 d6 12.Bxc6 bxc6 13.Nxd4 Bb7 14.Nc4  1/2-1/2

[Event "Tel Aviv-B"]
[Site "Tel Aviv"]
[Date "1992.??.??"]
[Round "8"]
[White "Har Zvi, Ronen"]
[Black "Lev, Ronen"]
[Result "1/2-1/2"]
[WhiteElo "2350"]
[BlackElo "2450"]

1.e4 c5 2.Nf3 Nc6 3.Bb5 d6 4.O-O Bd7 5.c4 a6 6.Bxc6 Bxc6 7.Nc3 Nf6 8.Re1 e5
9.a3 g6 10.b4 b6 11.Nd5 Nd7 12.bxc5 bxc5 13.d3 Bg7 14.Bd2 O-O 15.Ba5 Qxa5
16.Ne7+ Kh8 17.Nxc6 Qc7 18.Ne7 Nf6 19.Nd5 Nxd5 20.cxd5 Bh6 21.Qa4 Rfb8 22.Rab1 Rxb1
23.Rxb1 Rb8 24.Rb3 Kg7 25.g3 Rxb3 26.Qxb3 Kf8 27.h4  1/2-1/2

[Event "Tilburg"]
[Site "Tilburg"]
[Date "1992.??.??"]
[Round "1"]
[White "Barua, Dibyendu"]
[Black "Galliamova, Alisa"]
[Result "1-0"]
[WhiteElo "2550"]
[BlackElo "2560"]

1.e4 c5 2.Nf3 Nc6 3.Bb5 e6 4.O-O Nge7 5.d4 cxd4 6.Nxd4 Qb6 7.Nxc6 bxc6 8.Bd3 Ng6
9.Nc3 Be7 10.Na4 Qa5 11.c4 O-O 12.Bd2 Qc7 13.f4 Ba6 14.Qe2 e5 15.f5 Nf4 16.Bxf4 exf4
17.e5 f6 18.e6 Bd6 19.exd7 Be5 20.Kh1 Qa5 21.Bc2 Rad8 22.Rad1 Rf7 23.Qe4 Rfxd7
24.Rxd7 Rxd7 25.Qxc6 Qd2 26.Be4 Qd6 27.Bd5+ Kh8 28.Qxd6 Rxd6 29.Rf3 h6 30.g3 Bc8
31.gxf4 Bd4 32.Rd3 Bf2 33.Kg2 Bxf5 34.Rb3 Bd4 35.Rb7 Rd8 36.Re7 Rd7 37.Re8+ Kh7
38.b4 Bc2 39.Nc5 Rc7 40.Ne6 Bb6  1-0

[Event "Tilburg"]
[Site "Tilburg"]
[Date "1992.??.??"]
[Round "1"]
[White "Timman, Jan H"]
[Black "Sveshnikov, Evgeny"]
[Result "1/2-1/2"]
[WhiteElo "2665"]
[BlackElo "2525"]

1.e4 c5 2.Nf3 Nc6 3.Bb5 e6 4.Bxc6 bxc6 5.b3 d6 6.O-O e5 7.Re1 Be7 8.d3 Nf6
9.c3 O-O 10.d4 exd4 11.cxd4 d5 12.exd5 Nxd5 13.Ba3 Nb4 14.Nc3 Bg4 15.dxc5 Bxc5
16.Ne4 Qa5 17.Bb2 Rad8 18.Qc1 Nd3 19.Qg5 Nxb2 20.Qxc5 Qxc5 21.Nxc5 Bxf3 22.gxf3 Rd5
23.Rac1 Rxc5 24.Rxc5 Nd3 25.Rec1 Nxc1 26.Rxc1 Rc8 27.Rd1 a5 28.Rd4 c5 29.Ra4 Kf8
30.Kf1 Ra8 31.Re4 Re8 32.Ke2 f5 33.Rxe8+ Kxe8 34.Kd3 Kd7 35.Kc4 Kc6 36.f4 Kb6
37.a3 Kc6 38.h3 Kb6 39.h4  1/2-1/2

[Event "Tilburg"]
[Site "Tilburg"]
[Date "1992.??.??"]
[Round "2"]
[White "Christiansen, Larry Mark"]
[Black "Damljanovic, Branko"]
[Result "1/2-1/2"]
[WhiteElo "2625"]
[BlackElo "2595"]

1.e4 c5 2.Nf3 Nc6 3.Bb5 e6 4.O-O Nge7 5.Re1 a6 6.Bf1 Ng6 7.c3 Be7 8.d4 cxd4
9.cxd4 d5 10.e5 O-O 11.Nc3 f6 12.exf6 Bxf6 13.Be3 Bd7 14.Rc1 Rc8 15.Na4 Rc7
16.Nc5 Bc8 17.Nd3 Rcf7 18.Qd2 h6 19.g3 Qb6 20.Bh3 Be7 21.Nfe5 Ngxe5 22.dxe5 d4
23.Bxh6 gxh6 24.Qxh6 Rh7 25.Qg6+ Rg7 26.Bxe6+ Kh8 27.Qh5+ Rh7 28.Qg4 Rg7
29.Qh5+ Rh7 30.Qg4 Bxe6 31.Qxe6 Qb5 32.Qc4 Qxc4 33.Rxc4 Rf3 34.Nf4 Rf7 35.Kg2 R3xf4
36.gxf4 Rxf4 37.Kg3 Bg5 38.e6 Rf5 39.Rxc6 bxc6 40.e7 Bxe7 41.Rxe7 Rd5 42.Kf3  1/2-1/2

[Event "Morava-ch U20"]
[Site "Valtice"]
[Date "1992.??.??"]
[Round "2"]
[White "Fuksik, Jaroslav"]
[Black "Jurasek, Miroslav"]
[Result "1-0"]
[WhiteElo "2150"]
[BlackElo "1965"]

1.e4 c5 2.Nf3 Nc6 3.Bb5 d6 4.Bxc6+ bxc6 5.d3 e5 6.c3 Be7 7.Nbd2 Nf6 8.O-O O-O
9.Re1 Re8 10.h3 Bf8 11.Nb3 h6 12.Qc2 Bb7 13.Nh2 d5 14.Be3 c4 15.dxc4 Nxe4
16.Rad1 Qc7 17.Nf3 f5 18.Bc1 Rad8 19.Nbd2 c5 20.cxd5 Bxd5 21.c4 Bb7 22.Nf1 Rxd1
23.Rxd1 Nf6 24.Nh4 f4 25.b3 e4 26.Qd2 e3 27.fxe3 fxe3 28.Nxe3 Ne4 29.Qd7 Qg3
30.Rf1 Re7 31.Qf5 Nf6 32.Nf3 Qc7 33.Nd5 Nxd5 34.cxd5 Rf7 35.Qe6 Bd6 36.Nh4 Qe7
37.Nf5 Qxe6 38.dxe6  1-0

[Event "Morava-ch U20"]
[Site "Valtice"]
[Date "1992.??.??"]
[Round "3"]
[White "Molik, Zdenek"]
[Black "Jordan, J."]
[Result "1/2-1/2"]
[WhiteElo "1750"]
[BlackElo "2000"]

1.e4 c5 2.Nf3 Nc6 3.Bb5 g6 4.O-O Bg7 5.c3 Nf6 6.Qc2 O-O 7.d4 cxd4 8.cxd4 Qb6
9.Bxc6 dxc6 10.Be3 Ng4 11.Nc3 e5 12.Rad1  1/2-1/2

[Event "Morava-ch U20"]
[Site "Valtice"]
[Date "1992.??.??"]
[Round "4"]
[White "Pisk, Petr"]
[Black "Belunek, Vladimir"]
[Result "1-0"]
[WhiteElo "2295"]
[BlackElo "2005"]

1.e4 c5 2.Nf3 Nc6 3.Bb5 g6 4.Bxc6 dxc6 5.h3 Nf6 6.d3 Bg7 7.Nc3 O-O 8.Be3 b6
9.Qd2 Ne8 10.Bh6 a5 11.h4 Qc7 12.h5 e5 13.Bxg7 Nxg7 14.hxg6 fxg6 15.Qg5 Re8
16.O-O-O Ra7 17.Ne2 Qe7 18.Qh6 Nh5 19.Nh4 Qg7 20.Qe3 Qf7 21.Kb1 Be6 22.a3 Qf6
23.g3 Rf7 24.Rdf1 Ref8 25.f3 Qe7 26.Rfg1 Rg7 27.Qh6 b5 28.g4 Nf4 29.Nxf4 Rxf4
30.Nf5 Bxf5 31.gxf5 Kf7 32.Qxh7 Rxf3 33.Rxg6 Qf8 34.Rxg7+  1-0

[Event "Morava-ch U20"]
[Site "Valtice"]
[Date "1992.??.??"]
[Round "5"]
[White "Kruml, David"]
[Black "Sluka, Radek"]
[Result "0-1"]
[WhiteElo "1860"]
[BlackElo "2245"]

1.e4 c5 2.Nf3 Nc6 3.Bb5 d6 4.O-O a6 5.Bxc6+ bxc6 6.d4 cxd4 7.Qxd4 c5 8.Qd3 Bb7
9.c4 g6 10.e5 dxe5 11.Nxe5 Bg7 12.Qb3 Bxe5 13.Qxb7 Qc8 14.Qe4 Bd4 15.Qc2 Nf6
16.Nd2 O-O 17.Nf3 Qf5 18.Qxf5 gxf5 19.Re1 Rfe8 20.Nxd4 cxd4 21.Bg5 Ne4 22.Bh4 e5
23.f3 Nc5 24.Rad1 Rab8 25.b3 Kg7 26.f4 f6 27.Bg3 Ne4 28.Rd3 Rbd8 29.Red1 Nc3
30.fxe5 Nxd1 31.exf6+ Kxf6 32.Rxd1 Re4 33.c5 Rc8 34.b4 Ke6 35.Bd6 Kd5 36.g3 Re2
37.a4 Rb2 38.b5 axb5 39.axb5 Rxb5 40.Rf1 d3 41.Rxf5+ Ke4 42.Rf2 Rb1+ 43.Kg2 Rc1
44.Rf4+ Kd5 45.Rf5+ Kc4 46.Kf2 d2  0-1

[Event "Morava-ch U20"]
[Site "Valtice"]
[Date "1992.??.??"]
[Round "6"]
[White "Fuksik, Jaroslav"]
[Black "Kovar, K."]
[Result "1-0"]
[WhiteElo "2150"]
[BlackElo "1795"]

1.e4 c5 2.Nf3 Nc6 3.Bb5 g6 4.Bxc6 bxc6 5.O-O Bg7 6.Re1 e5 7.c3 Ne7 8.d4 cxd4
9.cxd4 exd4 10.Nxd4 Qb6 11.Nb3 Be5 12.Nc3 O-O 13.Be3 Qc7 14.h3 Re8 15.Bd4 Rb8
16.Qd2 d6 17.Rac1 Be6 18.Bxe5 dxe5 19.Nc5 Qc8 20.b3 f6 21.N3a4 Rd8 22.Qa5 Ra8
23.Red1 Bf7 24.Na6 Rd7 25.N4c5 Qd8 26.Qe1 Rd4 27.Rxd4 exd4 28.Qd2 f5 29.f3 fxe4
30.fxe4 Qc7 31.Nxc7  1-0